Business research methods / (Record no. 19573)

MARC details
000 -LEADER
fixed length control field 00633nam a2200217Ia 4500
008 - FIXED-LENGTH DATA ELEMENTS--GENERAL INFORMATION
fixed length control field 220501s2013 xx 000 0 eng d
020 ## - INTERNATIONAL STANDARD BOOK NUMBER
International Standard Book Number 9789353503260
082 ## - DEWEY DECIMAL CLASSIFICATION NUMBER
Classification number 658.4031
Item number ZIK-B
100 ## - MAIN ENTRY--PERSONAL NAME
Personal name Zikmund, William G.
245 #0 - TITLE STATEMENT
Title Business research methods /
Statement of responsibility, etc William G. Zikmund ... [et al.]
250 ## - EDITION STATEMENT
Edition statement 9th ed.
260 ## - PUBLICATION, DISTRIBUTION, ETC. (IMPRINT)
Place of publication, distribution, etc Andover :
Name of publisher, distributor, etc Cengage Learning
Date of publication, distribution, etc 2013.
300 ## - PHYSICAL DESCRIPTION
Extent / Pages xxiv, 664 p. ;
650 ## - SUBJECT ADDED ENTRY--TOPICAL TERM
Topical term or geographic name as entry element Business - Research
650 ## - SUBJECT ADDED ENTRY--TOPICAL TERM
Topical term or geographic name as entry element Business - Research - Methodology
650 ## - SUBJECT ADDED ENTRY--TOPICAL TERM
Topical term or geographic name as entry element Management - Research
700 ## - ADDED ENTRY--PERSONAL NAME
Personal name Babin, Barry J.
700 ## - ADDED ENTRY--PERSONAL NAME
Personal name Carr, Jon C.
700 ## - ADDED ENTRY--PERSONAL NAME
Personal name Griffin, Mitch
942 ## - ADDED ENTRY ELEMENTS (KOHA)
Source of classification or shelving scheme
Koha item type Books
942 ## - ADDED ENTRY ELEMENTS (KOHA)
-- 49
Holdings
Withdrawn status Lost status Source of classification or shelving scheme Damaged status Not for loan Home library Current library Date acquired Source of acquisition Currency Cost, normal purchase price Full call number Barcode Date last seen Copy number Bill Date Koha item type Bill Number Total Checkouts Total Renewals Date last borrowed
          SOBD Library SOBD Library 18/05/2023 Vedi Books INR 875.00 658.4031 ZIK-B1 003505 18/05/2023 1 17/04/2023 Reference Books VEDI/23-24/04/11      
          SOBD Library SOBD Library 18/05/2023 Vedi Books INR 875.00 658.4031 ZIK-B2 003506 17/09/2024 2 17/04/2023 Books VEDI/23-24/04/11 2 4 20/11/2023
          SOBD Library SOBD Library 18/05/2023 Vedi Books INR 875.00 658.4031 ZIK-B3 003507 04/10/2024 3 17/04/2023 Books VEDI/23-24/04/11 3   19/09/2024
          SOBD Library SOBD Library 18/05/2023 Vedi Books INR 875.00 658.4031 ZIK-B4 003508 02/12/2024 4 17/04/2023 Books VEDI/23-24/04/11 5 4 05/11/2024
          SOBD Library SOBD Library 18/05/2023 Vedi Books INR 875.00 658.4031 ZIK-B5 003509 08/11/2024 5 17/04/2023 Books VEDI/23-24/04/11 2 2 17/09/2024
          SOBD Library SOBD Library 18/05/2023 Vedi Books INR 875.00 658.4031 ZIK-B6 003510 19/10/2024 6 17/04/2023 Books VEDI/23-24/04/11 3 1 17/09/2024
          SOBD Library SOBD Library 18/05/2023 Vedi Books INR 875.00 658.4031 ZIK-B7 003511 04/01/2024 7 17/04/2023 Books VEDI/23-24/04/11 2 4 17/11/2023
          SOBD Library SOBD Library 18/05/2023 Vedi Books INR 875.00 658.4031 ZIK-B8 003512 24/12/2025 8 17/04/2023 Books VEDI/23-24/04/11 2   09/12/2025
          SOBD Library SOBD Library 18/05/2023 Vedi Books INR 875.00 658.4031 ZIK-B9 003513 03/01/2024 9 17/04/2023 Books VEDI/23-24/04/11 2   11/12/2023
          SOBD Library SOBD Library 18/05/2023 Vedi Books INR 875.00 658.4031 ZIK-B10 003514 04/01/2024 10 17/04/2023 Books VEDI/23-24/04/11 1 2 01/12/2023
          SOBD Library SOBD Library 18/05/2023 Vedi Books INR 875.00 658.4031 ZIK-B11 003515 05/12/2024 11 17/04/2023 Books VEDI/23-24/04/11 8 1 22/11/2024
          SOBD Library SOBD Library 18/05/2023 Vedi Books INR 875.00 658.4031 ZIK-B12 003516 04/01/2024 12 17/04/2023 Books VEDI/23-24/04/11 3   21/12/2023
          SOBD Library SOBD Library 18/05/2023 Vedi Books INR 875.00 658.4031 ZIK-B13 003517 25/10/2024 13 17/04/2023 Books VEDI/23-24/04/11 8 2 09/10/2024
          SOBD Library SOBD Library 18/05/2023 Vedi Books INR 875.00 658.4031 ZIK-B14 003518 01/10/2024 14 17/04/2023 Books VEDI/23-24/04/11 5 2 17/09/2024
          SOBD Library SOBD Library 18/05/2023 Vedi Books INR 875.00 658.4031 ZIK-B15 003519 17/12/2024 15 17/04/2023 Books VEDI/23-24/04/11 4   25/11/2024
Hosted, Implemented, Customized & Maintained by: BestBookBuddies

Powered by Koha